Statistics for Top 20 WR in the NFL

Click here to take the quiz!

General Stats

  • This quiz has been taken 663 times
  • The average score is 14 of 20

Answer Stats

HintAnswer% Correct
SteelersAntonio Brown
95%
FalconsJulio Jones
94%
CheifsTyreek Hill
89%
PackersDaVante Adams
88%
BucsMike Evans
83%
GiantsOdell Beckham Jr.
83%
TexansDeAndre Hopkins
82%
BengalsA.J Green
81%
ColtsT.Y Hilton
78%
ChargersKeenan Allen
71%
RaidersAmari Cooper
69%
PatriotsJulian Edelman
68%
CowboysDez Bryant
67%
CardinalsLarry Fitzgerald
67%
VikingsStefon Diggs
65%
PackersJordy Nelson
60%
SeahawksDoug Baldwin
51%
DolphinsJarvis Landry
44%
PanthersKelvin Benjamin
24%
RedskinsTerrelle Pryor
6%

Score Distribution

Percentile by Number Answered

Percent of People with Each Score

Your Score History

You have not taken this quiz